000 00613nam a2200169Ia 4500
008 090711s9999 xx 000 0 und d
082 _b54289
100 _aजायस्वाल जयनारायण
245 _aनिर्दोष उपSाार पध्दती
260 _c1983
300 _a42
600 _aजायस्वाल जयनारायण
630 _aनिर्दोष उपSाार पध्दती
700 _aजायस्वाल जयनारायण
730 _aनिर्दोष उपSाार पध्दती
942 _cBOOK
999 _c312029
_d312029